মুসলিম উম্মাহর ইতিহাস বিশ্বকোষ / (Record no. 12226)
[ view plain ]
| 000 -LEADER | |
|---|---|
| fixed length control field | 00813nam a2200217 a 4500 |
| 001 - CONTROL NUMBER | |
| JCCL Control Number | 12226 |
| 003 - CONTROL NUMBER IDENTIFIER | |
| JCCL marc code | BD-JhCC |
| 005 - DATE AND TIME OF LATEST TRANSACTION | |
| control field | 20220803134024.0 |
| 008 - FIXED-LENGTH DATA ELEMENTS--GENERAL INFORMATION | |
| fixed length control field | 210828b2021 bg |||| ||a| 000 0 ben d |
| 035 ## - SYSTEM CONTROL NUMBER | |
| system control number | (BD-JhCC)12226 |
| 040 ## - CATALOGING SOURCE | |
| Original cataloging agency | BD-JhCC |
| Modifying agency | BD-JhCC |
| 041 ## - LANGUAGE CODE | |
| Language code of Book | Bengali |
| 082 ## - DEWEY DECIMAL CLASSIFICATION NUMBER | |
| Classification number | 297.03 |
| Author mark and Year | RAI 2021 |
| 100 ## - MAIN ENTRY--PERSONAL NAME | |
| Personal name | রাইহান, মাওলানা মুহাম্মদ ইসমাইল |
| 245 ## - TITLE STATEMENT | |
| Title | মুসলিম উম্মাহর ইতিহাস বিশ্বকোষ / |
| Statement of responsibility, etc | মূল মাওলানা মুহাম্মদ ইসমাইল রাইহান |
| 260 ## - PUBLICATION, DISTRIBUTION, ETC. (IMPRINT) | |
| Place of publication, distribution, etc | ঢাকা: |
| Name of publisher, distributor, etc | মাকতাবাতুল আযহার; |
| Date of publication, distribution, etc | ২০২১. |
| 300 ## - PHYSICAL DESCRIPTION | |
| Pagination | 495 p. : |
| Dimensions | 22 cm. |
| 650 ## - SUBJECT ADDED ENTRY--TOPICAL TERM | |
| Topical term or geographic name as entry element | Encyclopedia of Islam |
| 942 ## - ADDED ENTRY ELEMENTS (KOHA) | |
| Source of classification or shelving scheme | Dewey Decimal Classification |
| Koha item type | Books |
| Koha issues (borrowed), all copies | 11 |
| Source of classification or shelving scheme | volume number | Damaged status | Not for loan | Home library | Current library | Shelving location | Date of accession | Cost, normal purchase price | Total Checkouts | Full call number | Barcode | Date last seen | Date checked out | Copy number | Koha item type |
|---|---|---|---|---|---|---|---|---|---|---|---|---|---|---|---|
| Dewey Decimal Classification | V-1 | JCC Rouf Library | JCC Rouf Library | General Stacks | 08/28/2021 | 424.00 | 8 | 297.03 RAI 2021 | 16641 | 10/12/2025 | 06/15/2025 | V-1,C-1 | Books | ||
| Dewey Decimal Classification | V-2 | JCC Rouf Library | JCC Rouf Library | General Stacks | 08/28/2021 | 424.00 | 4 | 297.03 RAI 2021 | 16642 | 07/15/2023 | 06/21/2023 | V-2,C-1 | Books | ||
| Dewey Decimal Classification | V-3 | JCC Rouf Library | JCC Rouf Library | General Stacks | 08/28/2021 | 424.00 | 2 | 297.03 RAI 2021 | 16643 | 07/30/2023 | 07/20/2023 | V-3,C-1 | Books | ||
| Dewey Decimal Classification | V-4 | JCC Rouf Library | JCC Rouf Library | General Stacks | 08/28/2021 | 424.00 | 1 | 297.03 RAI 2021 | 16644 | 08/16/2022 | 08/02/2022 | V-4,C-1 | Books | ||
| Dewey Decimal Classification | V-5 | JCC Rouf Library | JCC Rouf Library | General Stacks | 08/28/2021 | 424.00 | 297.03 RAI 2021 | 16645 | 08/28/2021 | V-5,C-1 | Books | ||||
| Dewey Decimal Classification | V-6 | JCC Rouf Library | JCC Rouf Library | General Stacks | 08/28/2021 | 424.00 | 297.03 RAI 2021 | 16646 | 08/28/2021 | V-6,C-1 | Books | ||||
| Dewey Decimal Classification | V-7 | JCC Rouf Library | JCC Rouf Library | General Stacks | 08/28/2021 | 424.00 | 297.03 RAI 2021 | 16647 | 08/28/2021 | V-7,C-1 | Books | ||||
| Dewey Decimal Classification | V-8 | JCC Rouf Library | JCC Rouf Library | General Stacks | 08/28/2021 | 424.00 | 1 | 297.03 RAI 2021 | 16649 | 05/29/2023 | 01/31/2023 | V-8,C-1 | Books | ||
| Dewey Decimal Classification | V-9 | JCC Rouf Library | JCC Rouf Library | General Stacks | 08/28/2021 | 424.00 | 297.03 RAI 2021 | 16650 | 08/28/2021 | V-9,C-1 | Books | ||||
| Dewey Decimal Classification | V-10 | JCC Rouf Library | JCC Rouf Library | General Stacks | 08/28/2021 | 424.00 | 297.03 RAI 2021 | 16648 | 08/28/2021 | V-10,C-1 | Books |